Fr. Conceicao Rodrigues College of Engineering

21 IOT experiments (Record no. 28738)

MARC details
000 -LEADER
fixed length control field 00296nam a2200157Ia 4500
082 ## - DEWEY DECIMAL CLASSIFICATION NUMBER
Item number KAN
100 ## - MAIN ENTRY--PERSONAL NAME
Personal name Kanetkar/ Yashavant
245 ## - TITLE STATEMENT
Title 21 IOT experiments
260 ## - PUBLICATION, DISTRIBUTION, ETC.
Name of publisher, distributor, etc. BPB
366 ## - TRADE AVAILABILITY INFORMATION
Publishers's discount category 20
300 ## - PHYSICAL DESCRIPTION
Extent 266
546 ## - LANGUAGE NOTE
Language note ENGLISH
650 ## - SUBJECT ADDED ENTRY--TOPICAL TERM
Topical term or geographic name entry element IOT
654 ## - SUBJECT ADDED ENTRY--FACETED TOPICAL TERMS
Focus term experiment
942 ## - ADDED ENTRY ELEMENTS (KOHA)
Koha item type BOOK
Holdings
Withdrawn status Lost status Damaged status Not for loan Collection Home library Current library Date acquired Source of acquisition Cost, normal purchase price Inventory number Total Checkouts Full call number Barcode Date last seen Date last checked out Cost, replacement price Price effective from Koha item type Total Renewals
        CRC Fr. Agnel's C.Rodrigues College of Engineering Fr. Agnel's C.Rodrigues College of Engineering 17/03/2023 Readers World 360.00 325 dt 30.07.2022 1 KAN 25904 18/11/2023 15/06/2023 450.00   BOOK  
        CRC Fr. Agnel's C.Rodrigues College of Engineering Fr. Agnel's C.Rodrigues College of Engineering 17/03/2023 Readers World 360.00 325 dt 30.07.2022 1 KAN 25905 29/05/2024 10/04/2024 450.00   BOOK 1